Statistics for On This Day (May 7th) Multiple Choice

Click here to take the quiz!

General Stats

  • This quiz has been taken 6 times
  • The average score is 7 of 15

Answer Stats

QuestionAnswer% Correct
1946 – Tokyo Telecommunications Engineering is founded, it is later renamed as what ?Sony
100%
1999 – Pope John Paul II travels to Romania, becoming the first pope to visit a predominantly Eastern Orthodox country since which year ?1054
67%
1999 – President João Bernardo Vieira is ousted in a military coup in which African nation ?Guinea-Bissau
67%
1824 – World premiere of which of Ludwig van Beethoven's symphonies in Vienna, Austria ?Ninth
67%
1994 – Edvard Munch's painting The Scream is recovered undamaged after being stolen from the National Gallery of which country in February ?Norway
67%
1945 – World War II: General Alfred Jodl signs unconditional surrender terms in which city ending Germany's participation in the war ?Reims, France
67%
1931 – The stand-off between criminal Francis Crowley and the NYPD takes place in his fifth-floor apartment on West 91st Street, New York City. How many officers were present ?300
33%
1946 – Bill Kreutzmann, American drummer, is born. Which band was he a member of ?Grateful Dead
33%
1976 – Which popular long running car model is officially launched ?Honda Accord
33%
1998 – Which company buys Chrysler for US$40 billion USD and forms the largest industrial merger in history ?Mercedes-Benz
33%
1718 – Which city is founded by Jean-Baptiste Le Moyne, Sieur de Bienville ?New Orleans
33%
1940 – World War II: The Norway Debate in the British House of Commons begins leading to what event ?Replacement of Prime Minister
33%
558 – In Constantinople, the dome of the Hagia Sophia collapses, how many years after its construction ?Twenty
33%
1864 – The world's oldest surviving clipper ship is launched in Sunderland, England, for transporting passengers and goods between Britain and Australia. What was it's name ?City of Adelaide
0%
Defender of the Fatherland Day is celebrated on this day annually in which country ?Kazakhstan
0%

Score Distribution

Percentile by Number Answered

Percent of People with Each Score

Your Score History

You have not taken this quiz